[Event "DEM U14w 2010"]
[Site "Oberhof GER"]
[Date "2010.05.23"]
[Round "1"]
[White "Osmanodja, Filiz"]
[Black "Hartewig, Anja"]
[Result "1-0"]
[Termination "normal"]
[Board "1"]
[WhiteTitle "FM"]
[WhiteElo "2018"]
[BlackElo "1471"]
[PlyCount "43"]
[WhiteFideId "24633569"]
[BlackFideId "12917966"]
[EventCountry "GER"]
[EventRounds "9"]
[EventType "swiss"]
[EventDate "2010.05.22"]

1. e4 d6 2. d4 Nf6 3. Nc3 g6 4. Bg5 Bg7 5. Qd2 Nbd7 6. f4 c5 7. O-O-O a6 8. e5
cxd4 9. Qxd4 dxe5 10. fxe5 Nh5 11. Nf3 f6 12. exf6 Nhxf6 13. Bc4 b5 14. Bb3 Bb7
15. Ne5 Nxe5 16. Qxe5 Qb6 17. Rhe1 Bf8 18. Bxf6 Rd8 19. Rxd8+ Kxd8 20. Rd1+ Ke8
21. Qb8+ Qd8 22. Rxd8# 1-0

[Event "DEM U14w 2010"]
[Site "Oberhof GER"]
[Date "2010.05.23"]
[Round "1"]
[White "Nitzsche, Pia"]
[Black "Kuckling, Hannah"]
[Result "1/2-1/2"]
[Termination "normal"]
[Board "2"]
[WhiteElo "1446"]
[BlackElo "1602"]
[PlyCount "54"]
[WhiteFideId "12900370"]
[BlackFideId "24603660"]
[EventCountry "GER"]
[EventRounds "9"]
[EventType "swiss"]
[EventDate "2010.05.22"]

1. c4 f5 2. Nc3 Nf6 3. Nf3 g6 4. g3 Bg7 5. Bg2 O-O 6. O-O Nc6 7. d3 d6 8. a3 e5
9. Qc2 a5 10. Rb1 h6 11. b4 axb4 12. axb4 Be6 13. c5 d5 14. b5 e4 15. bxc6 exf3
16. Bxf3 bxc6 17. Bf4 Nd7 18. Rb7 Nxc5 19. Rxc7 g5 20. Rxc6 Qa5 21. Bd6 Rfc8
22. Rxc5 Rxc5 23. Bxc5 Qxc5 24. Rc1 Rc8 25. Qa4 Bxc3 26. Qa6 Qe7 27. Bxd5 Re8
1/2-1/2

[Event "DEM U14w 2010"]
[Site "Oberhof GER"]
[Date "2010.05.23"]
[Round "1"]
[White "Schmalhorst, Sophia"]
[Black "Schreiber, Justina"]
[Result "1-0"]
[Termination "normal"]
[Board "3"]
[WhiteElo "1834"]
[BlackElo "1443"]
[PlyCount "87"]
[WhiteFideId "24682497"]
[BlackFideId "24661570"]
[EventCountry "GER"]
[EventRounds "9"]
[EventType "swiss"]
[EventDate "2010.05.22"]

1. e4 e6 2. Nf3 d5 3. Nc3 d4 4. Ne2 c5 5. d3 Nc6 6. c3 Nf6 7. cxd4 cxd4 8. Bd2
e5 9. Ng3 Be7 10. Be2 Qd6 11. O-O Bg4 12. h3 Bxf3 13. Bxf3 Nd7 14. Be2 O-O 15.
Nf5 Qc7 16. f4 f6 17. fxe5 fxe5 18. Qe1 Bf6 19. Qg3 Ne7 20. Nxe7+ Bxe7 21. Bh6
Bf6 22. Bd1 Kh8 23. Bd2 Qd6 24. a3 a5 25. Bg4 Qe7 26. Bf5 g6 27. Bxd7 Qxd7 28.
Bg5 Bxg5 29. Qxe5+ Kg8 30. Qxg5 Qc7 31. Qd5+ Rf7 32. Rxf7 Qxf7 33. Qxf7+ Kxf7
34. Rc1 Ke8 35. Rc7 b5 36. Rxh7 Rc8 37. Rh8+ Kd7 38. Rxc8 Kxc8 39. b4 axb4 40.
axb4 Kd7 41. Kf2 Ke6 42. Kf3 Ke5 43. Kg4 Kf6 44. h4 1-0

[Event "DEM U14w 2010"]
[Site "Oberhof GER"]
[Date "2010.05.23"]
[Round "1"]
[White "Michels, Kim"]
[Black "Spiegelberg, Silvia"]
[Result "0-1"]
[Termination "normal"]
[Board "4"]
[WhiteElo "1675"]
[BlackElo "1609"]
[PlyCount "98"]
[WhiteFideId "24690066"]
[BlackFideId "24654450"]
[EventCountry "GER"]
[EventRounds "9"]
[EventType "swiss"]
[EventDate "2010.05.22"]

1. e4 e5 2. Nf3 Nc6 3. Bc4 Bc5 4. c3 Nf6 5. d4 exd4 6. cxd4 Bb4+ 7. Nc3 Nxe4 8.
O-O Bxc3 9. d5 Bf6 10. Re1 Ne7 11. Rxe4 d6 12. Bg5 Bxg5 13. Nxg5 h6 14. Nf3 O-O
15. Qe2 Ng6 16. Re1 Bd7 17. h4 Re8 18. h5 Nf8 19. Qd2 Nh7 20. Rxe8+ Bxe8 21.
Qf4 Qf6 22. Qd4 Qxd4 23. Nxd4 Kf8 24. Re3 Nf6 25. Rh3 Bd7 26. Rh4 Re8 27. Nf3
Re4 28. Rxe4 Nxe4 29. Nd4 Nf6 30. Nb5 Bxb5 31. Bxb5 Nxd5 32. g4 Ke7 33. Kg2 Ke6
34. Kf3 Ke5 35. Bc4 f6 36. a3 Kd4 37. Ba2 c6 38. Bb3 Ke5 39. Bc2 Nb6 40. Bh7
Nc4 41. b4 Nxa3 42. Ke3 d5 43. f4+ Kd6 44. g5 hxg5 45. fxg5 fxg5 46. Kf3 Ke5
47. Kg4 Kf6 48. Bf5 Nc4 49. Bc8 Nd6 0-1

[Event "DEM U14w 2010"]
[Site "Oberhof GER"]
[Date "2010.05.23"]
[Round "1"]
[White "Winterholler, Christina"]
[Black "Puffay, Jana"]
[Result "1-0"]
[Termination "normal"]
[Board "5"]
[WhiteElo "1702"]
[BlackElo "1399"]
[PlyCount "39"]
[WhiteFideId "24652105"]
[BlackFideId "24692360"]
[EventCountry "GER"]
[EventRounds "9"]
[EventType "swiss"]
[EventDate "2010.05.22"]

1. e4 c5 2. Nf3 Nc6 3. Bb5 e6 4. Bxc6 bxc6 5. O-O Be7 6. d3 Nf6 7. Qe2 O-O 8.
Ng5 d5 9. f4 dxe4 10. Nxe4 Ba6 11. Nbc3 Nxe4 12. Qxe4 Qb6 13. Kh1 Rfd8 14. f5
Rd4 15. Qf3 Bc8 16. f6 Bxf6 17. Ne4 Qd8 18. Bg5 Bb7 19. Nxf6+ gxf6 20. Bxf6 1-0

[Event "DEM U14w 2010"]
[Site "Oberhof GER"]
[Date "2010.05.23"]
[Round "1"]
[White "Lehmann, Patricia"]
[Black "Gamisch, Laura"]
[Result "0-1"]
[Termination "normal"]
[Board "6"]
[WhiteElo "1340"]
[BlackElo "1759"]
[PlyCount "86"]
[WhiteFideId "12900060"]
[BlackFideId "24615161"]
[EventCountry "GER"]
[EventRounds "9"]
[EventType "swiss"]
[EventDate "2010.05.22"]

1. d4 d5 2. c4 dxc4 3. Nc3 a6 4. a4 Nc6 5. Nf3 Nf6 6. e3 Bf5 7. Nh4 Bg6 8. Bxc4
e6 9. Nxg6 hxg6 10. Qf3 Qd6 11. h3 O-O-O 12. O-O g5 13. g4 Rh4 14. Qg2 Be7 15.
f4 gxf4 16. Rxf4 Rdh8 17. g5 Rxf4 18. exf4 Qxd4+ 19. Kh1 Qxc4 20. gxf6 Bxf6 21.
Ne4 Qd3 22. Kh2 Nd4 23. Nd2 Nc2 24. Ra2 g6 25. a5 Qe3 26. Ra4 Nd4 27. Rb4 Nc6
28. Re4 Qc5 29. Nb3 Qd5 30. Qc2 Rd8 31. Re2 Nxa5 32. Nxa5 Qxa5 33. Kg2 Qd5+ 34.
Kh2 Qd3 35. Qxd3 Rxd3 36. Rc2 Kd7 37. b4 Rd4 38. Bd2 Be7 39. Rb2 Bd6 40. Kg3 g5
41. Kf3 Bxf4 42. Bxf4 Rxf4+ 43. Ke3 Rh4 0-1

[Event "DEM U14w 2010"]
[Site "Oberhof GER"]
[Date "2010.05.23"]
[Round "1"]
[White "Lagunow, Elina"]
[Black "Wulf, Constanze"]
[Result "1-0"]
[Termination "normal"]
[Board "7"]
[WhiteElo "1720"]
[BlackElo "1282"]
[PlyCount "41"]
[WhiteFideId "4673387"]
[BlackFideId "24692379"]
[EventCountry "GER"]
[EventRounds "9"]
[EventType "swiss"]
[EventDate "2010.05.22"]

1. e4 c5 2. c3 e6 3. d4 cxd4 4. cxd4 Nf6 5. Bd3 Nc6 6. Ne2 b6 7. a3 Bb7 8. O-O
Be7 9. Nbc3 d6 10. f3 O-O 11. Be3 Rc8 12. Rc1 Qd7 13. b4 Nb8 14. Ng3 a6 15. f4
b5 16. Bb1 d5 17. e5 Ne8 18. f5 f6 19. Qh5 h6 20. fxe6 Qd8 21. Qg6 1-0

[Event "DEM U14w 2010"]
[Site "Oberhof GER"]
[Date "2010.05.23"]
[Round "1"]
[White "Triantafillidis, Katherina"]
[Black "Berger, Nadja"]
[Result "0-1"]
[Termination "normal"]
[Board "8"]
[WhiteElo "1266"]
[BlackElo "1706"]
[PlyCount "60"]
[WhiteFideId "24692409"]
[BlackFideId "24692212"]
[EventCountry "GER"]
[EventRounds "9"]
[EventType "swiss"]
[EventDate "2010.05.22"]

1. e4 e5 2. Nf3 Nc6 3. Bb5 Nf6 4. d3 Ne7 5. Bg5 Ng6 6. Nc3 Bc5 7. h3 c6 8. Bc4
Bb6 9. O-O d6 10. Qd2 h6 11. Bxf6 Qxf6 12. Ne2 Bxh3 13. d4 Bg4 14. dxe5 dxe5
15. Ne1 O-O 16. Nd3 Rad8 17. Rae1 Nh4 18. Qc3 Nxg2 19. Qxe5 Qf3 20. Qg3 Nxe1
21. Rxe1 Qxe4 22. Ne5 Bc7 23. Qxg4 Qxe5 24. b3 Rd2 25. Bd3 Re8 26. Kf1 Bb6 27.
Qb4 Qh2 28. Qf4 Qxf4 29. Nxf4 Rxf2+ 30. Kg1 Rxe1+ 0-1

[Event "DEM U14w 2010"]
[Site "Oberhof GER"]
[Date "2010.05.23"]
[Round "1"]
[White "Polert, Annika"]
[Black "Bürger, Jessica"]
[Result "1-0"]
[Termination "normal"]
[Board "9"]
[WhiteElo "1578"]
[BlackElo "1257"]
[PlyCount "69"]
[WhiteFideId "24692328"]
[BlackFideId "12917974"]
[EventCountry "GER"]
[EventRounds "9"]
[EventType "swiss"]
[EventDate "2010.05.22"]

1. c4 e5 2. Nc3 Nf6 3. Nf3 Nc6 4. d4 exd4 5. Nxd4 Bb4 6. Nxc6 bxc6 7. Qb3 Rb8
8. a3 Bxc3+ 9. Qxc3 h6 10. Qe3+ Qe7 11. Qxa7 Rb7 12. Qd4 O-O 13. e3 d6 14. Be2
Re8 15. O-O d5 16. b4 Bf5 17. c5 Rbb8 18. Bb2 Qe4 19. Qxe4 Nxe4 20. Rfd1 Rbd8
21. Bd3 Bg6 22. Bd4 Rb8 23. Ra2 Rb7 24. Ba6 Rbb8 25. Rda1 Ng5 26. Rb2 Ra8 27.
Bb7 Rab8 28. Bxc6 Re6 29. Bxd5 Ree8 30. a4 Bf5 31. b5 Be6 32. Bc6 Red8 33. a5
Bd5 34. Bxd5 Rxd5 35. a6 1-0

[Event "DEM U14w 2010"]
[Site "Oberhof GER"]
[Date "2010.05.23"]
[Round "1"]
[White "Hölzer, Jeanette"]
[Black "Steimbach, Isabel"]
[Result "1/2-1/2"]
[Termination "normal"]
[Board "10"]
[WhiteElo "1210"]
[BlackElo "1543"]
[PlyCount "37"]
[WhiteFideId "12917982"]
[BlackFideId "24692174"]
[EventCountry "GER"]
[EventRounds "9"]
[EventType "swiss"]
[EventDate "2010.05.22"]

1. e4 e5 2. Nf3 d6 3. d4 exd4 4. Nxd4 Nf6 5. Nc3 Be7 6. Bc4 O-O 7. Be3 Re8 8.
f3 Nbd7 9. Qd2 Nb6 10. Bb3 c5 11. Nde2 Bd7 12. O-O-O Rc8 13. a3 c4 14. Ba2 a6
15. g4 Na4 16. Nxa4 Bxa4 17. Nc3 Qa5 18. Nxa4 Qxa4 19. Bd4 1/2-1/2

[Event "DEM U14w 2010"]
[Site "Oberhof GER"]
[Date "2010.05.23"]
[Round "1"]
[White "Diederichs, Luise"]
[Black "Fischer, Maxi"]
[Result "1-0"]
[Termination "normal"]
[Board "11"]
[WhiteElo "1542"]
[BlackElo "1194"]
[PlyCount "75"]
[WhiteFideId "24661597"]
[BlackFideId "24692395"]
[EventCountry "GER"]
[EventRounds "9"]
[EventType "swiss"]
[EventDate "2010.05.22"]

1. c4 e5 2. Nc3 Nf6 3. e4 Bc5 4. g3 Nc6 5. Bg2 a6 6. d3 h6 7. h3 d6 8. Nge2 Be6
9. a3 Qd7 10. b4 Ba7 11. Bd2 O-O 12. g4 Ne7 13. Ng3 Ng6 14. Nf5 Bxf5 15. gxf5
Nh4 16. Rg1 Kh7 17. Bf3 g6 18. Bg4 gxf5 19. exf5 Rg8 20. Ne4 Nxe4 21. dxe4 Qc6
22. Qe2 b5 23. Rc1 Bd4 24. Rg3 Bb2 25. Qe3 d5 26. cxd5 Qb6 27. Rxc7 Qxe3+ 28.
Bxe3 Rg7 29. Rc6 Kg8 30. Bxh6 Rh7 31. Bh5+ Kh8 32. Ke2 Nxf5 33. exf5 e4 34. Bg4
Be5 35. Re3 Bb2 36. Bg5 Re8 37. Bf6+ Kg8 38. Bxb2 1-0

[Event "DEM U14w 2010"]
[Site "Oberhof GER"]
[Date "2010.05.23"]
[Round "1"]
[White "Ehrenberg, Natalie"]
[Black "Mehling, Katharina"]
[Result "0-1"]
[Termination "normal"]
[Board "12"]
[WhiteElo "1149"]
[BlackElo "1524"]
[PlyCount "40"]
[BlackFideId "12900362"]
[EventCountry "GER"]
[EventRounds "9"]
[EventType "swiss"]
[EventDate "2010.05.22"]

1. e4 d6 2. Nf3 Nf6 3. Nc3 g6 4. Bc4 Bg7 5. O-O O-O 6. h3 Nc6 7. Re1 e5 8. d4
h6 9. b3 Nh5 10. Be3 Kh7 11. Qd2 f5 12. Rad1 f4 13. g4 fxe3 14. Qxe3 Nf4 15.
Kh2 exd4 16. Nxd4 Nxd4 17. Rxd4 Bxd4 18. Qxd4 Qf6 19. Qe3 Qh4 20. Bf1 Bxg4 0-1

[Event "DEM U14w 2010"]
[Site "Oberhof GER"]
[Date "2010.05.23"]
[Round "1"]
[White "Röhlich, Anna"]
[Black "Genath, Maren"]
[Result "1-0"]
[Termination "normal"]
[Board "13"]
[WhiteElo "1492"]
[BlackElo "1041"]
[PlyCount "77"]
[EventCountry "GER"]
[EventRounds "9"]
[EventType "swiss"]
[EventDate "2010.05.22"]

1. e4 c6 2. d4 d5 3. exd5 cxd5 4. Bd3 Nc6 5. c3 Nf6 6. h3 e5 7. dxe5 Nxe5 8.
Bc2 Bc5 9. Ne2 O-O 10. O-O Re8 11. Nd2 Bd7 12. Nb3 Bb6 13. Nbd4 Bxd4 14. Nxd4
Nc6 15. Bg5 Nxd4 16. Qxd4 Bc6 17. Rfe1 Qd6 18. Rad1 Rxe1+ 19. Rxe1 Re8 20.
Rxe8+ Nxe8 21. Qxa7 Qe5 22. Qe3 Qxe3 23. Bxe3 Nd6 24. b3 Bb5 25. f3 f5 26. Bc5
Nf7 27. Bxf5 g6 28. Be6 Bc6 29. Kf2 Kg7 30. Bd4+ Kf8 31. c4 Ke7 32. Bxd5 Bxd5
33. cxd5 Kd6 34. Ke3 Kxd5 35. h4 Nd6 36. g4 h5 37. Bc3 Ke6 38. Kf4 b5 39. a4
1-0

[Event "DEM U14w 2010"]
[Site "Oberhof GER"]
[Date "2010.05.24"]
[Round "3"]
[White "Osmanodja, Filiz"]
[Black "Spiegelberg, Silvia"]
[Result "1-0"]
[Termination "normal"]
[Board "1"]
[WhiteTitle "FM"]
[WhiteElo "2018"]
[BlackElo "1609"]
[PlyCount "69"]
[WhiteFideId "24633569"]
[BlackFideId "24654450"]
[EventCountry "GER"]
[EventRounds "9"]
[EventType "swiss"]
[EventDate "2010.05.22"]

1. e4 e5 2. Nf3 Nc6 3. Bb5 a6 4. Ba4 Nf6 5. O-O Be7 6. Re1 b5 7. Bb3 O-O 8. h3
Bb7 9. d3 h6 10. Nbd2 d6 11. c3 d5 12. exd5 Nxd5 13. Nxe5 Nxe5 14. Rxe5 Nf4 15.
Nf3 Bd6 16. Bxf4 Qf6 17. Bd5 c6 18. Be4 Bxe5 19. Bxe5 Qe6 20. Bg3 Rad8 21. Nd4
Qd7 22. Nf5 Kh7 23. Qh5 c5 24. Nxh6+ Bxe4 25. Ng4+ Kg8 26. dxe4 Qc6 27. Qg5 c4
28. e5 Rd5 29. Ne3 Rd7 30. Nf5 f6 31. Qg6 Qe6 32. Nd4 Qe7 33. e6 Rb7 34. Rd1
Rb6 35. Nf5 1-0

[Event "DEM U14w 2010"]
[Site "Oberhof GER"]
[Date "2010.05.24"]
[Round "3"]
[White "Schmalhorst, Sophia"]
[Black "Gamisch, Laura"]
[Result "1/2-1/2"]
[Termination "normal"]
[Board "2"]
[WhiteElo "1834"]
[BlackElo "1759"]
[PlyCount "73"]
[WhiteFideId "24682497"]
[BlackFideId "24615161"]
[EventCountry "GER"]
[EventRounds "9"]
[EventType "swiss"]
[EventDate "2010.05.22"]

1. e4 c5 2. Nf3 e6 3. d4 cxd4 4. Nxd4 Nc6 5. Nc3 Qc7 6. Be3 a6 7. Bd3 d6 8. O-O
Nf6 9. Kh1 Bd7 10. f4 Be7 11. Qe1 h6 12. Qg3 Nh5 13. Qf3 Nf6 14. Rae1 O-O-O 15.
Nb3 g6 16. Na4 Rdg8 17. Nb6+ Kb8 18. Nxd7+ Nxd7 19. Nd4 g5 20. Nxc6+ Qxc6 21.
Bd4 f6 22. e5 Qxf3 23. Rxf3 dxe5 24. fxe5 f5 25. Bc4 Rg6 26. Rb3 Ka8 27. Rd3
Rc8 28. Bb3 Nc5 29. Bxc5 Bxc5 30. Red1 Kb8 31. c3 Bf8 32. g3 Be7 33. Kg2 Bf8
34. Rd7 Rc7 35. Rd8+ Rc8 36. R8d3 Be7 37. R3d2 1/2-1/2

[Event "DEM U14w 2010"]
[Site "Oberhof GER"]
[Date "2010.05.24"]
[Round "3"]
[White "Steimbach, Isabel"]
[Black "Mehling, Katharina"]
[Result "1/2-1/2"]
[Termination "normal"]
[Board "3"]
[WhiteElo "1543"]
[BlackElo "1524"]
[PlyCount "70"]
[WhiteFideId "24692174"]
[BlackFideId "12900362"]
[EventCountry "GER"]
[EventRounds "9"]
[EventType "swiss"]
[EventDate "2010.05.22"]

1. e4 d6 2. d4 Nf6 3. Nc3 g6 4. Nf3 Bg7 5. Be2 O-O 6. O-O Nbd7 7. e5 Ne8 8. e6
fxe6 9. Ng5 Nb6 10. Bg4 e5 11. Be6+ Kh8 12. Nf7+ Rxf7 13. Bxf7 exd4 14. Ne2 e5
15. Bxe8 Qxe8 16. Ng3 Bf5 17. Nxf5 gxf5 18. Qf3 Qc8 19. Re1 e4 20. Qh3 d5 21.
Rb1 Qf8 22. Bf4 c5 23. Qg3 Nd7 24. Rbd1 Re8 25. Qa3 Ra8 26. Qb3 Nb6 27. Qg3 Rd8
28. Bc7 Rd7 29. Bf4 d3 30. cxd3 Bxb2 31. Be5+ Bxe5 32. Qxe5+ Kg8 33. dxe4 fxe4
34. Re3 Rg7 35. Rxd5 Nxd5 1/2-1/2

[Event "DEM U14w 2010"]
[Site "Oberhof GER"]
[Date "2010.05.24"]
[Round "3"]
[White "Winterholler, Christina"]
[Black "Kuckling, Hannah"]
[Result "1/2-1/2"]
[Termination "normal"]
[Board "4"]
[WhiteElo "1702"]
[BlackElo "1602"]
[PlyCount "103"]
[WhiteFideId "24652105"]
[BlackFideId "24603660"]
[EventCountry "GER"]
[EventRounds "9"]
[EventType "swiss"]
[EventDate "2010.05.22"]

1. e4 c5 2. Nf3 e6 3. d3 Nc6 4. g3 d5 5. Nbd2 g6 6. Bg2 Bg7 7. O-O Nge7 8. Re1
b6 9. Nf1 h6 10. c3 O-O 11. h4 Bb7 12. e5 Qc7 13. Bf4 Rad8 14. Qd2 Kh7 15. N1h2
Ng8 16. Ng4 Qe7 17. d4 cxd4 18. Nxd4 Nxd4 19. Qxd4 Qc5 20. Qd2 Qe7 21. Be3 Rc8
22. Bd4 h5 23. Nh2 Nh6 24. Bh3 Nf5 25. Bxf5 exf5 26. a4 Ra8 27. Qe3 Rfe8 28. f4
f6 29. Nf3 Bc6 30. Qf2 Qf7 31. b4 Kg8 32. a5 b5 33. exf6 Bxf6 34. Rxe8+ Bxe8
35. Be5 Rc8 36. Rc1 Be7 37. Rd1 Bf8 38. Ng5 Qd7 39. Bd4 a6 40. Re1 Bf7 41. Re3
Re8 42. Qe1 Rxe3 43. Qxe3 Qe7 44. Qxe7 Bxe7 45. Nxf7 Kxf7 46. Kf2 Ke6 47. Ke3
Bd6 48. Kd3 Bf8 49. Be5 Be7 50. Ke3 Bf8 51. Kd3 Be7 52. Ke3 1/2-1/2

[Event "DEM U14w 2010"]
[Site "Oberhof GER"]
[Date "2010.05.24"]
[Round "3"]
[White "Michels, Kim"]
[Black "Lagunow, Elina"]
[Result "1-0"]
[Termination "normal"]
[Board "5"]
[WhiteElo "1675"]
[BlackElo "1720"]
[PlyCount "45"]
[WhiteFideId "24690066"]
[BlackFideId "4673387"]
[EventCountry "GER"]
[EventRounds "9"]
[EventType "swiss"]
[EventDate "2010.05.22"]

1. e4 c5 2. d4 cxd4 3. c3 dxc3 4. Nxc3 Nc6 5. Nf3 e6 6. Bc4 Nf6 7. O-O Qc7 8.
h3 Bc5 9. Qe2 O-O 10. e5 d5 11. exf6 dxc4 12. fxg7 Kxg7 13. Qxc4 Ne7 14. Qg4+
Kh8 15. Bf4 Qa5 16. Bh6 Rg8 17. Ng5 Rxg5 18. Qxg5 Nf5 19. Rad1 Be7 20. Bg7+ Kg8
21. Bf6+ Kf8 22. Bxe7+ Nxe7 23. Qxa5 1-0

[Event "DEM U14w 2010"]
[Site "Oberhof GER"]
[Date "2010.05.24"]
[Round "3"]
[White "Lehmann, Patricia"]
[Black "Berger, Nadja"]
[Result "1/2-1/2"]
[Termination "normal"]
[Board "6"]
[WhiteElo "1340"]
[BlackElo "1706"]
[PlyCount "115"]
[WhiteFideId "12900060"]
[BlackFideId "24692212"]
[EventCountry "GER"]
[EventRounds "9"]
[EventType "swiss"]
[EventDate "2010.05.22"]

1. d4 f5 2. c4 Nf6 3. Nc3 e6 4. Nf3 b6 5. e3 Bb7 6. Be2 Bb4 7. O-O O-O 8. Qc2
Bxc3 9. bxc3 Ne4 10. Bb2 Rf6 11. Rad1 Qe7 12. Qb3 Rh6 13. d5 e5 14. c5 d6 15.
cxd6 cxd6 16. c4 Nd7 17. Qc2 Ndc5 18. Ba3 Bc8 19. Bxc5 Nxc5 20. g3 g5 21. h4
gxh4 22. Nxh4 Qg5 23. Nf3 Qg7 24. Kg2 f4 25. Rh1 Rxh1 26. Rxh1 e4 27. Nd4 f3+
28. Nxf3 exf3+ 29. Bxf3 Qg6 30. e4 Bd7 31. Rh4 Rf8 32. Qd1 Qf6 33. Rf4 Qh6 34.
Rh4 Qf6 35. Rf4 Qg7 36. Rh4 Rf6 37. Bg4 Bxg4 38. Rxg4 Rg6 39. Rf4 Qe5 40. Qf3
Qe7 41. Rg4 Qf7 42. Rf4 Qe7 43. Rg4 Nd7 44. Qf5 Qf7 45. Rxg6+ hxg6 46. Qxf7+
Kxf7 47. f4 Kf6 48. Kf3 Nc5 49. Ke3 Nd7 50. Kd4 a6 51. Kc3 Kg7 52. Kd4 Kf6 53.
Kc3 a5 54. Kd4 g5 55. Kd3 Nf8 56. Kd4 Ng6 57. Ke3 Nf8 58. Kd4 1/2-1/2

[Event "DEM U14w 2010"]
[Site "Oberhof GER"]
[Date "2010.05.24"]
[Round "3"]
[White "Polert, Annika"]
[Black "Wulf, Constanze"]
[Result "1-0"]
[Termination "time forfeit"]
[Board "7"]
[WhiteElo "1578"]
[BlackElo "1282"]
[PlyCount "69"]
[WhiteFideId "24692328"]
[BlackFideId "24692379"]
[EventCountry "GER"]
[EventRounds "9"]
[EventType "swiss"]
[EventDate "2010.05.22"]

1. c4 Nf6 2. Nc3 g6 3. g3 Bg7 4. Bg2 d6 5. Nf3 O-O 6. O-O Nc6 7. d4 Nd7 8. e3
e5 9. d5 Ne7 10. e4 f5 11. Ng5 Nb6 12. Qe2 h6 13. Nh3 Kh7 14. f4 Bd7 15. Bd2
Rb8 16. Rac1 fxe4 17. Qxe4 Bf5 18. Qe2 Qd7 19. Nf2 Qe8 20. b3 Bd7 21. Nce4 exf4
22. Bxf4 Nf5 23. Rce1 Qf7 24. Qd2 Be5 25. Bxh6 Qe7 26. Bxf8 Rxf8 27. Ng5+ Kg7
28. Nf3 Re8 29. Nxe5 dxe5 30. Ne4 Bc8 31. c5 Nd7 32. d6 cxd6 33. Nxd6 Nxd6 34.
cxd6 Qe6 35. Bd5 1-0

[Event "DEM U14w 2010"]
[Site "Oberhof GER"]
[Date "2010.05.24"]
[Round "3"]
[White "Diederichs, Luise"]
[Black "Triantafillidis, Katherina"]
[Result "1-0"]
[Termination "normal"]
[Board "8"]
[WhiteElo "1542"]
[BlackElo "1266"]
[PlyCount "109"]
[WhiteFideId "24661597"]
[BlackFideId "24692409"]
[EventCountry "GER"]
[EventRounds "9"]
[EventType "swiss"]
[EventDate "2010.05.22"]

1. e4 e5 2. Nc3 Nc6 3. g3 Bc5 4. Bg2 Nf6 5. h3 d6 6. Nge2 Be6 7. d3 h6 8. O-O
Qd7 9. Kh2 O-O-O 10. a3 d5 11. exd5 Nxd5 12. Nxd5 Bxd5 13. Bxd5 Qxd5 14. Be3
Bxe3 15. fxe3 Rhf8 16. e4 Qe6 17. Rf3 Ne7 18. Qf1 f6 19. g4 Rh8 20. Ng3 Ng6 21.
Nh5 Rhg8 22. Qf2 b6 23. Rg3 Rdf8 24. Qf5 Qxf5 25. gxf5 Ne7 26. Rxg7 Rxg7 27.
Nxg7 Nc6 28. Ne6 Rg8 29. Rg1 Rxg1 30. Kxg1 Kd7 31. Kg2 Nd8 32. Nxd8 Kxd8 33.
Kf3 Ke7 34. c3 c5 35. Ke3 Kd7 36. a4 a6 37. Kd2 b5 38. axb5 axb5 39. b4 cxb4
40. cxb4 Kc6 41. Ke3 Kd7 42. d4 exd4+ 43. Kxd4 Kd6 44. e5+ fxe5+ 45. Ke4 Kd7
46. h4 h5 47. Kxe5 Ke7 48. f6+ Kf7 49. Kf5 Kf8 50. Kg6 Kg8 51. Kxh5 Kf7 52. Kg5
Kf8 53. Kg6 Kg8 54. f7+ Kf8 55. h5 1-0

[Event "DEM U14w 2010"]
[Site "Oberhof GER"]
[Date "2010.05.24"]
[Round "3"]
[White "Röhlich, Anna"]
[Black "Hölzer, Jeanette"]
[Result "1/2-1/2"]
[Termination "normal"]
[Board "9"]
[WhiteElo "1492"]
[BlackElo "1210"]
[PlyCount "36"]
[BlackFideId "12917982"]
[EventCountry "GER"]
[EventRounds "9"]
[EventType "swiss"]
[EventDate "2010.05.22"]

1. e4 e5 2. Nf3 Nc6 3. Bc4 Bc5 4. c3 Nf6 5. d4 exd4 6. cxd4 Bb4+ 7. Nc3 Nxe4 8.
O-O Bxc3 9. d5 Bf6 10. Re1 Ne7 11. Rxe4 d6 12. Bg5 Bxg5 13. Nxg5 O-O 14. Nxh7
Kxh7 15. Qh5+ Kg8 16. Rh4 f5 17. Qh7+ Kf7 18. Be2 Rg8 1/2-1/2

[Event "DEM U14w 2010"]
[Site "Oberhof GER"]
[Date "2010.05.24"]
[Round "3"]
[White "Fischer, Maxi"]
[Black "Hartewig, Anja"]
[Result "1/2-1/2"]
[Termination "normal"]
[Board "10"]
[WhiteElo "1194"]
[BlackElo "1471"]
[PlyCount "74"]
[WhiteFideId "24692395"]
[BlackFideId "12917966"]
[EventCountry "GER"]
[EventRounds "9"]
[EventType "swiss"]
[EventDate "2010.05.22"]

1. e4 d6 2. d4 Nf6 3. Nc3 g6 4. f4 Bg7 5. e5 dxe5 6. dxe5 Qxd1+ 7. Kxd1 Ng4 8.
Ke1 O-O 9. h3 Nh6 10. g4 Rd8 11. Nb5 Na6 12. Be3 Nb4 13. Rh2 Bxg4 14. c3 Nd5
15. Bd2 Bd7 16. Nf3 a6 17. Nbd4 Nf5 18. Nxf5 Bxf5 19. c4 Nb6 20. h4 Bg4 21. Ng5
f6 22. exf6 exf6 23. Rg2 Re8+ 24. Kf2 fxg5 25. Rxg4 Bxb2 26. Rb1 Bd4+ 27. Kf3
gxf4 28. Bxf4 Be5 29. h5 Bxf4 30. Kxf4 Re6 31. hxg6 Rf8+ 32. Kg3 Rxg6 33. Rxg6+
hxg6 34. c5 Na4 35. Bc4+ Kh8 36. Rxb7 Nxc5 37. Rxc7 Ne4+ 1/2-1/2

[Event "DEM U14w 2010"]
[Site "Oberhof GER"]
[Date "2010.05.24"]
[Round "3"]
[White "Nitzsche, Pia"]
[Black "Puffay, Jana"]
[Result "1/2-1/2"]
[Termination "normal"]
[Board "11"]
[WhiteElo "1446"]
[BlackElo "1399"]
[PlyCount "28"]
[WhiteFideId "12900370"]
[BlackFideId "24692360"]
[EventCountry "GER"]
[EventRounds "9"]
[EventType "swiss"]
[EventDate "2010.05.22"]

1. e4 e5 2. Nf3 Nc6 3. Bc4 Bc5 4. b4 Bxb4 5. c3 Ba5 6. d4 exd4 7. Nxd4 Nge7 8.
O-O d6 9. Bg5 Bd7 10. Qh5 Ne5 11. Bb3 Bg4 12. Bxf7+ Nxf7 13. Qxg4 Qd7 14. Qh5
g6 1/2-1/2

[Event "DEM U14w 2010"]
[Site "Oberhof GER"]
[Date "2010.05.24"]
[Round "3"]
[White "Ehrenberg, Natalie"]
[Black "Schreiber, Justina"]
[Result "1/2-1/2"]
[Termination "normal"]
[Board "12"]
[WhiteElo "1149"]
[BlackElo "1443"]
[PlyCount "89"]
[BlackFideId "24661570"]
[EventCountry "GER"]
[EventRounds "9"]
[EventType "swiss"]
[EventDate "2010.05.22"]

1. e4 e6 2. d4 d5 3. e5 c5 4. c3 Nc6 5. Nf3 Qb6 6. Bd3 Bd7 7. Bc2 Nge7 8. O-O
Ng6 9. a3 Be7 10. b4 cxd4 11. cxd4 Nh4 12. Be3 Rc8 13. Nxh4 Bxh4 14. Qg4 Nxb4
15. axb4 Rxc2 16. Qxh4 O-O 17. Qg3 Rfc8 18. Bh6 g6 19. Qf4 Qd8 20. Bg5 Qf8 21.
Qf6 Bb5 22. Na3 Bxf1 23. Nxc2 Rxc2 24. Kxf1 a6 25. Rb1 Rc4 26. Rb2 Rxd4 27. Rb3
h6 28. Be3 Rc4 29. Bd2 g5 30. Rh3 Qg7 31. Qxh6 Rh4 32. Rxh4 gxh4 33. Qxh4 Qxe5
34. Bf4 Qa1+ 35. Ke2 Qb2+ 36. Bd2 Qe5+ 37. Kf3 Qf5+ 38. Kg3 Qd3+ 39. Be3 Qg6+
40. Qg4 Qxg4+ 41. Kxg4 Kg7 42. h4 f6 43. f4 Kg6 44. h5+ Kh7 45. g3 1/2-1/2